Statistics for Cape Verde First Level Subdivisions

Click here to take the quiz!

General Stats

  • This quiz has been taken 17 times
  • The average score is 10 of 22

Answer Stats

Concelhos% Correct
Santa Catarina
67%
Sal
67%
São Filipe
67%
Praia
67%
Tarrafal
50%
São Salvador do Mundo
50%
São Domingos
50%
Santa Cruz
50%
Santa Catarina do Fogo
50%
Boa Vista
50%
Ribeira Grande de Santiago
33%
Brava
33%
Ribeira Grande
33%
Ribeira Brava
33%
Porto Novo
33%
Paul
33%
São Lourenço dos Órgãos
33%
São Miguel
33%
Mosteiros
33%
São Vicente
33%
Maio
33%
Tarrafal de São Nicolau
33%

Score Distribution

Percentile by Number Answered

Percent of People with Each Score

Your Score History

You have not taken this quiz